Vida de Alejandro, por Bucéfalo / (Registro nro. 10603)

Detalles MARC
000 -LIDER
fixed length control field 00925nam a22003017a 4500
001 - NÚMERO DE CONTROL
Identificador de número de control 000326
003 - IDENTIFICACDOR DE NÚMERO DE CONTROL
control field DO-SdBNP
005 - DATE AND TIME OF LATEST TRANSACTION
control field 20230824130432.0
007 - CAMPOS FIJOS DE DESCRIPCIÓN FÍSICA
fixed length control field 000326
008 - ELEMENTOS DE LONGITUD FIJA
fixed length control field 160627b2005 sp | 0 spa d
020 ## - ISBN
International Standard Book Number 8420468924
040 ## - FUENTE DE CATALOGACIÓN
Agencia que crea de manera original el registro BPMSU
Idioma de catalogación spa
Agencia que realiza la transcripción BPMSU
082 #4 - NÚMERO DE CLASIFICACIÓN DECIMAL DE DEWEY
Classification number 923.1381
Item number M198v 2005
Edition number 22
100 1# - ASIENTO PRINCIPAL -- NOMBRE PERSONAL
Nombre personal Cebrián, Eloy M.,
Fechas asociadas con el nombre 1963-
245 10 - MENCIÓN DE TITULO
Título Vida de Alejandro, por Bucéfalo /
Mención de responsabilidad Eloy M Cebrián
246 12 - VARIACION DEL TÍTULO
Institución que aplica el campo Por Bucéfalo
260 ## - PUBLICACIÓN, DISTRIBUCIÓN, ETC. (PIE DE IMPRENTA)
Lugar de publicación, distribución, etc Madrid :
Nombre del editor, distribuidor, etc. Alfaguara,
Fecha de publicación, distribución, etc 2005.
300 ## - DESCRIPCIÓN FÍSICA
Extensión 290 p. ;
Dimensiones 22 cm.
490 0# - MENCIÓN DE SERIES
Mención de serie Roja ;
-- Alfaguara.
500 ## - NOTA GENERAL
Nota general Incluye datos biográficos del autor. en la contracubierta
590 ## - NOTA LOCAL
Enlace Inventariado, 2023/VM
600 14 - ENCABEZAMIENTO DE MATERIA--NOMBRE PERSONAL
Nombre personal Alejandro Magno,
Fechas asociadas con el nombre 356-323 a.de J. C.
650 #4 - ENCABEZAMIENTO DE MATERIA--TEMÁTICO
Término temático o nombre geográfico como elemento de entrada Historia antigua
Subdivisión cronológica Siglo IV a.C.
651 #4 - ENCABEZAMIENTO DE MATERIA--NOMBRE GEOGRÁFICO
Nombre geográfico Grecia
Subdivisión temática general Historia
651 #4 - ENCABEZAMIENTO DE MATERIA--NOMBRE GEOGRÁFICO
Nombre geográfico Macedonia
Subdivisión temática general Historia
Subdivisión cronológica Hasta 168 a. J.C
910 ## - VALIDACIÓN
Validación VMateo v. control de calidad, BPMSU
942 ## - ADDED ENTRY ELEMENTS (KOHA)
Source of classification or shelving scheme Dewey Decimal Classification
Koha item type Libros
Existencias
Withdrawn status Lost status Source of classification or shelving scheme Damaged status Not for loan Collection code Home library Current library Date acquired Source of acquisition Total Checkouts Full call number Barcode Date last seen Price effective from Koha item type Copy number
    Dewey Decimal Classification     Colección Juvenil General Biblioteca Pública Metropolitana Salomé Ureña Biblioteca Pública Metropolitana Salomé Ureña 06/27/2016 Alfaguara   BPMSU CGJ 923.1381 M198C 2005 BPMSU16060603 06/27/2016 06/27/2016 Libros  
    Dewey Decimal Classification     Colección Juvenil General Biblioteca Pública Metropolitana Salomé Ureña Biblioteca Pública Metropolitana Salomé Ureña 06/27/2016 Alfaguara   BPMSU CGJ 923.1381 M198C 2005 BPMSU16060604 06/27/2016 06/27/2016 Libros e.2
    Dewey Decimal Classification     Colección Juvenil General Biblioteca Pública Metropolitana Salomé Ureña Biblioteca Pública Metropolitana Salomé Ureña 06/27/2016 Alfaguara   BPMSU CGJ 923.1381 M198C 2005 BPMSU16060605 06/27/2016 06/27/2016 Libros e.3